|
|
|
|
| LEADER |
00748nam a2200205 a 4500 |
| 001 |
000617473 |
| 003 |
CZ BrMZK |
| 005 |
20040504090945.0 |
| 007 |
ta |
| 008 |
020818s1951 xr f cze d |
| 035 |
|
|
|a (OCoLC)85583672
|
| 040 |
|
|
|a BOA001
|b cze
|c BOA001
|
| 100 |
1 |
|
|a Pantůčková, Lidmila,
|d 1923-2003
|7 jk01091675
|4 dis
|
| 245 |
1 |
0 |
|a Odraz a umělecké zobrazení skutečnosti v románech George Eliotové /
|c Lidmila Pantůčková
|
| 260 |
|
|
|a Brno :
|b Filosofická fakulta Masarykovy university,
|c 1951
|
| 300 |
|
|
|a 186 s.
|
| 710 |
2 |
|
|a Masarykova univerzita.
|b Filozofická fakulta
|7 kn20010709276
|
| 910 |
|
|
|a BOA001
|b 4-0289.213
|
| 990 |
|
|
|a BK
|
| 996 |
6 |
|
|b BC-44376
|c 4-0289.213
|l MZK
|r Sklad / do 24 hodin
|n 0
|w 000617473
|u 000010
|a 1
|e BOA001
|j MZK50
|s P
|